000 00641nam a2200217 u 4500
005 20210223132629.0
008 150519s2009 mx r 000 0 spa d
020 _a9786074711455
035 _aUPN01000203553
049 _aI
050 4 _aPQ8520.1 L4.2
_bG8.7
100 1 _aAlcántara, Ricardo,
_d1946-
_930578
245 1 0 _aGustavo y los miedos /
_cRicardo Alcántara ; il. Gusti.
260 _aMéxico :
_bSM,
_c2009.
300 _a63 p. :
_bil. col.
440 3 _aEl barco de vapor.
_pBlanca ;
_v31
650 4 _aCUENTOS INFANTILES URUGUAYOS
_911547
650 4 _aMIEDOS INFANTILES
_96668
905 _aInfantil
999 _c175654
_d175654